000 01038nam a22002297a 4500
999 _c59738
_d59738
003 Ge_BSU
005 20230407170528.0
008 230407s2004 ge ||||| |||| 00| 0 geo d
020 _a9992808691
041 _ageo
080 _a902.2(479.221.13) წ-53
100 _aწითლანაძე, ლეილა.
_917561
245 _aხევის არქეოლოგიური ძეგლები :
_b(მასალის პუბლიკაცია) /
_cლეილა წითლანაძე; რედ. რ. რამიშვილი.
264 _aთბილისი,
_c 2004.
300 _a92 გვ.;
_bტაბულები,
_c20 სმ.
504 _aბიბლიოგრ. თავების ბოლოს
520 _aრეზიუმე რუს. ენ.
653 _aარქეოლოგია
653 _aარქეოლოგიური ძეგლები
700 _aრამიშვილი, რ.
_eრედაქტორი
_917562
942 _2udc
_cBK